000 00622nam a2200205 i 4500
001 120943
003 ES-MaACL
005 20250821091801.0
007 t|
008 070214s1953 sp r ||||1| spa d
100 1 _aPrawdin, Michael.
_993724
245 1 0 _aJuana la Loca /
_cMichael Prawdin ; [traducción de Eduardo Valentí].
250 _a1ª ed.
260 _aBarcelona :
_bJuventud,
_c1953.
300 _a238 p., 8 lám. ;
_c22 cm.
600 0 4 _aJuana
_bI,
_cReina de Castilla
_967140
700 1 _aValentí Fiol, Eduardo.
_9112600
852 _aES-MaACL
_jD-9291
_bR.34628
999 _c120943
_d120943